Дело о преобразовании Сызранского реального училища в гимназию

Доступно только в Электронных читальных залах Найти на картеНа карте
RUSMARC
00003675nmc2a22000003x 450
0019c8ca39f-8d64-4e99-9ea4-791e2386f6dc
00520191105133205.0
100##$a20180608l18861886k l0rusy0189 ca
1010#$arus
102##$aRU
2001#$aДело о преобразовании Сызранского реального училища в гимназию
$j18 апреля - 27 августа 1886 г.
251##$cДело
300##$aДело
801#0$aRU
$bРГИА
$c20180608
$gRCR
801#1$aRU
$bГлавНИВЦ
$c20180608
$2rusmarc
801#2$aRU
$bПБ им. Б.Н. Ельцина
$c20191105
$gRCR
$2rusmarc
850##$aРГИА
852##$aРГИА
$eФедеральное казенное учреждение "Российский государственный исторический архив" (РГИА)
$j372
937##$hРГИА
$d12231216
$aASBIBLIO_SCAN
462#0$10013f08f965-f02b-4101-ba00-0f1be0188a04
$12001
$aДела разряда средних учебных заведений Департамента народного просвещения за 1883-1897 гг.
$1251
$cОпись
$1852
$j165
461#0$1001a74412a3-3cc5-4d21-8f0a-dfe2fbd9e72d
$12001
$aДепартамент народного просвещения Министерства народного просвещения (1803-1917)
$1251
$cФонд
$1852
$j733
215##$a14 л.
$d36,5х26 см
371##$aДокумент не является опубликованным и широко распространяемым
105##$ay###
1222#$ad
035##$a9c8ca39f-8d64-4e99-9ea4-791e2386f6dc
856##$uhttp://readingroom.main.prlib.ru/item.aspx?id_node=n134286484&mode=full
Формат отображения